Ασκήσεις στατιστικής
Αποθηκεύτηκε σε:
| Κύριος συγγραφέας: | |
|---|---|
| Μορφή: | Βιβλίο |
| Γλώσσα: | Greek |
| Δημοσίευση: |
Θεσσαλονίκη :
Εκδόσεις Σοφία,
c2002.
|
| Έκδοση: | 2η έκδ. |
| Θέματα: | |
| Ετικέτες: |
Προσθήκη ετικέτας
Δεν υπάρχουν, Καταχωρήστε ετικέτα πρώτοι!
|
MARC
| LEADER | 00000cam a2200000 i 4500 | ||
|---|---|---|---|
| 001 | 1/51786 | ||
| 008 | 040318s2002 gr | ||| |||| ||gre|| | ||
| 020 | |a 960874380X | ||
| 035 | |l 10072811 | ||
| 040 | |a GR-MyUA |b gre |e AACR2 | ||
| 041 | 0 | |a gre | |
| 082 | 0 | |a 519.5 |2 (21) | |
| 100 | 1 | |a Ζαχαροπούλου, Χρυσούλα. | |
| 245 | 1 | 0 | |a Ασκήσεις στατιστικής / |c Χρυσούλα Ζαχαροπούλου. |
| 250 | |a 2η έκδ. | ||
| 260 | |a Θεσσαλονίκη : |b Εκδόσεις Σοφία, |c c2002. | ||
| 300 | |a 569 σ. : |b πίν. ; |c 24 εκ. | ||
| 500 | |a Στο βιβλίο αυτό περιέχονται όλες οι άλυτες ασκήσεις του εγχειριδίου "Στατιστική: μέθοδοι - εφαρμογές", της ίδιας συγγραφέως. | ||
| 650 | 0 | 0 | |a Mathematical statistics |v Problems, exercises, etc. |
| 852 | |a INST |b CHIOS |e 20100823 |h 519.5 ΖΑΧ |p 005200031900 |q 005200031900 |t BK |y 0 | ||
| 852 | |a INST |b LEMNOS |e 20100202 |h 519.5 ΖΑΧ |p 005600000365 |q 005600000365 |t BK |y 0 | ||
| 852 | |a INST |b LESVOS |e 20060307 |h 519.5 ΖΑΧ |p 005100034697 |q 005100034697 |t BK |y 0 | ||
| 852 | |a INST |b LESVOS |e 20100318 |h 519.5 ΖΑΧ |p 005100046905 |q 005100046905 |t BK |y 0 | ||
| 852 | |a INST |b SAMOS |e 20050519 |h 519.5 ΖΑΧ |p 005300025194 |q 005300025194 |t BK |y 23 | ||
| 852 | |a INST |b SAMOS |e 20050519 |h 519.5 ΖΑΧ |p 005300025195 |q 005300025195 |t BK |y 0 | ||
| 852 | |a INST |b SAMOS |e 20050519 |h 519.5 ΖΑΧ |p 005300025196 |q 005300025196 |t BK |y 0 | ||
| 852 | |a INST |b SAMOS |e 20050519 |h 519.5 ΖΑΧ |p 005300025197 |q 005300025197 |t BK |y 0 | ||
| 852 | |a INST |b SAMOS |e 20050519 |h 519.5 ΖΑΧ |p 005300025198 |q 005300025198 |t BK |y 0 | ||
| 852 | |a INST |b SYROS |e 20040318 |h 519.5 ΖΑΧ |p 005500002996 |q 005500002996 |t BK |y 0 | ||
| 852 | |a INST |b SYROS |e 20040318 |h 519.5 ΖΑΧ |p 005500002997 |q 005500002997 |t BK |y 0 | ||
| 852 | |a INST |b SYROS |e 20040318 |h 519.5 ΖΑΧ |p 005500002998 |q 005500002998 |t BK |y 0 | ||
| 852 | |a INST |b SYROS |e 20040318 |h 519.5 ΖΑΧ |p 005500002999 |q 005500002999 |t BK |y 0 | ||
| 852 | |a INST |b SYROS |e 20040318 |h 519.5 ΖΑΧ |p 005500003000 |q 005500003000 |t BK |y 0 | ||
| 901 | |a BIBL3-2005-2 | ||
| 901 | |a BIBL5-2004-1 | ||
| 901 | |a BIBL1-2006-1 | ||
| 901 | |a BIBL6-2010-1 | ||
| 901 | |a BIBL1-2010-1 | ||
| 901 | |a BIBL2-2010-2 | ||
| 909 | |a Σ |b 114506 | ||
| 909 | |a Σ |b 114507 | ||
| 909 | |a Σ |b 114508 | ||
| 909 | |a Σ |b 114509 | ||
| 909 | |a Σ |b 114510 | ||
| 909 | |a Ε |b 108398 | ||
| 909 | |a Ε |b 108397 | ||
| 909 | |a Ε |b 108396 | ||
| 909 | |a Ε |b 108395 | ||
| 909 | |a Ε |b 111521 | ||
| 909 | |a Λ |b 124175 | ||
| 909 | |a Λ |b 163023 | ||
| 909 | |a Μ |b 159339 | ||
| 909 | |a Χ |b 148935 | ||
| 920 | |a ΠΑΡΑΡΤΗΜΑ ΒΙΒΛΙΟΘΗΚΗΣ ΣΥΡΟΥ |y Σάμος |z 2005-04 | ||
| 970 | |a ΚΟΝΤΟΥ |b ΠΑΡΑΣΚΕΥΗ |z 2004/03/18 | ||